00287nam a2200121 a 45000010005000000030005000050050017000100080041000270400020000681000022000882450028001102600027001381522CDMR20130116135212.0130130s1963||||||||||||||||||||||||||||d aCDMRbcatcCDMR1 aSoldevila, Ferran10aHistòria de Catalunya aBarcelonac1963bAlpha